000 00357 a2200145 4500
999 _c6391
_d6391
020 _a0798012781
050 _aPL8771 NEF 1988
100 _aNefele, P.M
245 _aThuthuwedzo /
_cP.M Nefele
264 _aJohannesburg:
_bEducun Publishers,
_c1988.
300 _a54p/ :
500 _aIn Venda
650 _aFiction
_xVenda
942 _2lcc
_cBK
_h8771
_iNEF
_kPL